000 003840000a22001570004500
020 _a84-322-0447-1
041 0 _aSPA
082 0 4 _aG 862 F954o
100 1 _aFuentes, Carlos (1928-)
245 1 0 _aOrquídeas a la luz de la luna (Comedia mexicana) / Carlos Fuentes
250 _a2
260 _aBarcelona, España : Seix Barral
300 _a111 Pag
001 10995
942 _cBK
999 _c40370
_d40370